[Event "Magyar rapid bajnokság"]
[Site "Ajka"]
[Date "2020.07.18"]
[Round "9.14"]
[White "Ongut, Tamas Gunes"]
[Black "Fancsy, Imre"]
[Result "1/2-1/2"]
[WhiteElo "1979"]
[BlackElo "2414"]
[PlyCount "60"]
[EventDate "2020.07.17"]
[EventType "swiss"]
[EventRounds "13"]
[EventCountry "HUN"]

1. d4 d5 2. c4 e6 3. Nc3 Be7 4. cxd5 exd5 5. Bf4 c6 6. e3 Bd6 7. Bxd6 Qxd6 8.
Bd3 Ne7 9. Qc2 b6 10. O-O-O a5 11. Nf3 Ba6 12. e4 Bxd3 13. Qxd3 Na6 14. exd5
Nb4 15. Qe2 Nbxd5 16. Nxd5 Qxd5 17. Kb1 Ra7 18. Qe5 O-O 19. Qxd5 Nxd5 20. Rhe1
Rc7 21. Rc1 Rfc8 22. Rc2 f6 23. Nd2 Kf7 24. Nc4 Rd8 25. a3 a4 26. Rec1 Rcd7 27.
Ne3 Ne7 28. Nc4 Nd5 29. Ne3 Ne7 30. Nc4 Nd5 1/2-1/2

[Event "Magyar rapid bajnokság"]
[Site "Ajka"]
[Date "2020.07.18"]
[Round "9.15"]
[White "Horvath, Jozsef"]
[Black "Deak, Sandor"]
[Result "1-0"]
[WhiteElo "2438"]
[BlackElo "2281"]
[PlyCount "75"]
[EventDate "2020.07.17"]
[EventType "swiss"]
[EventRounds "13"]
[EventCountry "HUN"]

1. c4 Nf6 2. Nc3 c5 3. Nf3 Nc6 4. e3 e6 5. d4 d5 6. cxd5 exd5 7. Bb5 cxd4 8.
Nxd4 Bd7 9. O-O Be7 10. Nf3 a6 11. Be2 Be6 12. b3 O-O 13. Bb2 Ne4 14. Nd2 Bf6
15. Ndxe4 dxe4 16. Qb1 Bf5 17. Rd1 Qa5 18. Nd5 Bxb2 19. Qxb2 Qd8 20. Rd2 Qg5
21. Rad1 Rad8 22. g3 Rd6 23. Ne7+ Qxe7 24. Rxd6 Bh3 25. a3 h6 26. b4 Ne5 27.
Qd4 Ng4 28. Rd8 Kh7 29. Rxf8 Qxf8 30. Qxe4+ f5 31. Qxb7 Ne5 32. Qxa6 Bg4 33. f4
Bxe2 34. Qxe2 Ng4 35. Rd5 Qc8 36. Rc5 Qe6 37. Qd3 Kg6 38. h3 1-0

[Event "Magyar rapid bajnokság"]
[Site "Ajka"]
[Date "2020.07.18"]
[Round "9.16"]
[White "Korpa, Bence"]
[Black "Havanecz, Bianka"]
[Result "1/2-1/2"]
[WhiteElo "2427"]
[BlackElo "2122"]
[PlyCount "163"]
[EventDate "2020.07.17"]
[EventType "swiss"]
[EventRounds "13"]
[EventCountry "HUN"]

1. Nf3 d5 2. g3 g6 3. Bg2 Bg7 4. O-O e5 5. d3 Ne7 6. Na3 O-O 7. c4 c6 8. Rb1 a5
9. b3 Nd7 10. Bb2 d4 11. Nc2 Nf5 12. e3 dxe3 13. fxe3 Re8 14. d4 exd4 15. exd4
Nf6 16. Ne5 Qc7 17. Re1 Be6 18. Qf3 Rad8 19. Rbd1 Nd7 20. Nd3 Qb6 21. Qf2 Nf6
22. h3 h5 23. Bf3 a4 24. g4 hxg4 25. hxg4 axb3 26. axb3 Ne7 27. Rxe6 fxe6 28.
Nc5 Nc8 29. Qe3 Qc7 30. Kg2 Qf7 31. Rf1 Nd6 32. Nd3 Qc7 33. Ne5 Nh7 34. Nxg6
Nf7 35. Ne5 Nxe5 36. dxe5 Qd7 37. Rd1 Qe7 38. Rxd8 Rxd8 39. Bc1 Nf8 40. Qe4 Qc5
41. Bg5 Rd7 42. Bf4 Qa7 43. g5 Qa2 44. b4 Rf7 45. Kg3 Qb3 46. g6 Rd7 47. c5 Rd3
48. Ne3 Qc3 49. Ng4 Rxf3+ 50. Qxf3 Qxf3+ 51. Kxf3 Nxg6 52. Ke4 Kf7 53. Bg3 Ne7
54. Be1 Nd5 55. Kd4 Bf8 56. Nf2 Ke7 57. Ne4 Kd7 58. Kc4 Ne3+ 59. Kd3 Nd5 60.
Bd2 Kc7 61. Kc4 Bg7 62. Kd4 Ne7 63. Nf2 Nf5+ 64. Ke4 Ne7 65. Nd3 Nd5 66. Kf3 b6
67. Kg4 bxc5 68. bxc5 Kd7 69. Kg5 Ne7 70. Ba5 Nf5 71. Kg6 Bf8 72. Kf7 Be7 73.
Bd2 Nd4 74. Be3 Nf3 75. Bf2 Bd8 76. Bg3 Be7 77. Bf4 Nd4 78. Be3 Nf3 79. Bf4 Nd4
80. Bg3 Nf3 81. Bf2 Bd8 82. Be3 1/2-1/2

[Event "Magyar rapid bajnokság"]
[Site "Ajka"]
[Date "2020.07.18"]
[Round "9.17"]
[White "Miszler, Levente"]
[Black "Mester, Gyula"]
[Result "0-1"]
[WhiteElo "1986"]
[BlackElo "2426"]
[PlyCount "80"]
[EventDate "2020.07.17"]
[EventType "swiss"]
[EventRounds "13"]
[EventCountry "HUN"]

1. Nf3 g6 2. c4 Bg7 3. g3 b6 4. Bg2 Bb7 5. O-O f5 6. Nc3 Nf6 7. d4 O-O 8. b3 a5
9. Bb2 e6 10. Qc2 Ne4 11. a3 Nxc3 12. Bxc3 d6 13. b4 Nd7 14. Qb2 Be4 15. Rfd1
Qe7 16. Qd2 a4 17. Rac1 Nf6 18. Qa2 d5 19. Ne5 Bxg2 20. Kxg2 dxc4 21. Qxc4 Nd5
22. Nc6 Qg5 23. Bd2 Qh5 24. f4 g5 25. e3 Rf6 26. Rh1 Rh6 27. h4 gxf4 28. exf4
Rg6 29. Qd3 Kh8 30. Qf3 Rg4 31. Rce1 Re8 32. b5 Bf6 33. Kf2 Qf7 34. Ne5 Bxe5
35. Rxe5 Reg8 36. Rg1 Nf6 37. Bc3 Nd5 38. Bd2 Qg6 39. Bc1 Rxh4 40. Qe2 Rh2+ 0-1

[Event "Magyar rapid bajnokság"]
[Site "Ajka"]
[Date "2020.07.18"]
[Round "9.18"]
[White "Emodi, Barnabas"]
[Black "Buzas, Bertalan"]
[Result "1-0"]
[WhiteElo "2339"]
[BlackElo "2080"]
[PlyCount "109"]
[EventDate "2020.07.17"]
[EventType "swiss"]
[EventRounds "13"]
[EventCountry "HUN"]

1. d4 Nf6 2. Nf3 e6 3. c4 Bb4+ 4. Nbd2 O-O 5. e3 d5 6. b3 Ne4 7. Bd3 f5 8. O-O
c6 9. a3 Bd6 10. Bb2 Bd7 11. Ne5 Be8 12. f3 Bh5 13. Qe1 Nxd2 14. Qxd2 Bxe5 15.
dxe5 dxc4 16. bxc4 c5 17. Rfd1 Nc6 18. Be2 Qxd2 19. Rxd2 Rad8 20. Rd6 Kf7 21.
Bc3 Rxd6 22. exd6 e5 23. g4 Bg6 24. h4 fxg4 25. fxg4 Ke6 26. h5 Be4 27. Rd1 Rd8
28. g5 Rxd6 29. Rf1 Ke7 30. Be1 g6 31. h6 Bd3 32. Kf2 a6 33. Bc3 Bxe2 34. Kxe2
b5 35. cxb5 axb5 36. Rb1 Ke6 37. Rxb5 Kf5 38. Rb7 Kxg5 39. Rxh7 Kf6 40. Rc7
Nd4+ 41. exd4 exd4 42. Bd2 Ra6 43. h7 Ra8 44. Rxc5 g5 45. Bxg5+ Kg6 46. Bd2
Kxh7 47. Bb4 Kg6 48. Kd3 Rd8 49. a4 Kf6 50. a5 Rb8 51. Rc4 Ke6 52. Rxd4 Rb7 53.
Rd6+ Ke5 54. Rb6 Ra7 55. Kc4 1-0

[Event "Magyar rapid bajnokság"]
[Site "Ajka"]
[Date "2020.07.18"]
[Round "9.19"]
[White "Krstulovic, Alex"]
[Black "Varga, Peter"]
[Result "1/2-1/2"]
[WhiteElo "2108"]
[BlackElo "2323"]
[PlyCount "124"]
[EventDate "2020.07.17"]
[EventType "swiss"]
[EventRounds "13"]
[EventCountry "HUN"]

1. d4 d5 2. Nf3 Nf6 3. Bf4 c6 4. e3 Bf5 5. Nbd2 e6 6. Ne5 h6 7. Be2 Nbd7 8.
Ndf3 Nxe5 9. Nxe5 Be7 10. O-O Nd7 11. c4 Nxe5 12. Bxe5 O-O 13. a3 f6 14. Bg3
Bd6 15. b4 Bxg3 16. hxg3 Qe7 17. Qb3 Bg6 18. Rfc1 Bf7 19. cxd5 cxd5 20. Rc2 Bg6
21. Rc5 b6 22. Rc3 Rac8 23. Rac1 Rxc3 24. Qxc3 Qd6 25. Ba6 Be8 26. Bc8 Bd7 27.
Bxd7 Qxd7 28. Qc6 Rd8 29. Qc7 Kf7 30. a4 Ke7 31. Qc2 Ra8 32. g4 Rd8 33. f3 Ra8
34. Kf2 Rd8 35. f4 Kf7 36. Kf3 Ke7 37. f5 Kf7 38. b5 exf5 39. gxf5 Re8 40. Qc7
Re7 41. Qxd7 Rxd7 42. Rc8 g6 43. Kf4 gxf5 44. Kxf5 Re7 45. Rd8 Rxe3 46. Rd7+
Re7 47. Rxd5 h5 48. Rd6 Re2 49. Rd7+ Ke8 50. Rxa7 Rxg2 51. Kxf6 h4 52. Ke6 Rg6+
53. Kd5 Rh6 54. a5 h3 55. axb6 h2 56. Ra1 Rxb6 57. Ra8+ Kd7 58. Ra7+ Ke8 59.
Rh7 Rxb5+ 60. Ke6 Rb6+ 61. Ke5 Rb2 62. d5 Re2+ 1/2-1/2

[Event "Magyar rapid bajnokság"]
[Site "Ajka"]
[Date "2020.07.18"]
[Round "9.20"]
[White "Majoros, Rozsa Evelin"]
[Black "Egresi, Mate"]
[Result "0-1"]
[WhiteElo "1879"]
[BlackElo "2299"]
[PlyCount "68"]
[EventDate "2020.07.17"]
[EventType "swiss"]
[EventRounds "13"]
[EventCountry "HUN"]

1. e4 d6 2. d4 Nf6 3. Nc3 e5 4. Nf3 Nbd7 5. Bc4 Be7 6. a4 O-O 7. O-O c6 8. b3
Qc7 9. Bd3 Re8 10. Ne2 d5 11. Ng3 dxe4 12. Bxe4 Nxe4 13. Nxe4 exd4 14. Nxd4 Nf6
15. Re1 Bg4 16. f3 Bh5 17. Bb2 Rad8 18. Qc1 Nxe4 19. Rxe4 Bg6 20. Re1 Bd6 21.
h3 Bf4 22. Rxe8+ Rxe8 23. Qf1 Qe7 24. Kh1 Bb8 25. f4 Be4 26. Rd1 Qh4 27. Nf3
Qxf4 28. Qe2 h6 29. Rd4 Kh7 30. Rxe4 Rxe4 31. Qd3 f5 32. Qc3 Qg3 33. Bc1 Bf4
34. Bb2 Re3 0-1

[Event "Magyar rapid bajnokság"]
[Site "Ajka"]
[Date "2020.07.18"]
[Round "9.21"]
[White "Palczert, Matyas"]
[Black "Zentai, Peter"]
[Result "1/2-1/2"]
[WhiteElo "1863"]
[BlackElo "2267"]
[PlyCount "64"]
[EventDate "2020.07.17"]
[EventType "swiss"]
[EventRounds "13"]
[EventCountry "HUN"]

1. e4 e6 2. d4 d5 3. exd5 exd5 4. Nf3 Nf6 5. Bd3 c5 6. dxc5 Bxc5 7. O-O O-O 8.
Nc3 h6 9. h3 Qc7 10. Nb5 Qb6 11. Nbd4 Nc6 12. c3 Ne4 13. Bc2 Bd7 14. Rb1 Rad8
15. Be3 Rfe8 16. Nd2 Nxd4 17. cxd4 Bxd4 18. Bxd4 Qxd4 19. Nxe4 Qxd1 20. Rbxd1
dxe4 21. Rfe1 f5 22. f3 Bc6 23. Rxd8 Rxd8 24. fxe4 Re8 25. e5 Be4 26. Bxe4 Rxe5
27. Kf2 fxe4 28. Ke3 Kf7 29. Kf4 Ra5 30. a3 Rb5 31. b4 Kf6 32. Rxe4 Rf5+
1/2-1/2

[Event "Magyar rapid bajnokság"]
[Site "Ajka"]
[Date "2020.07.18"]
[Round "9.22"]
[White "Gaal, Zsoka"]
[Black "Nemeth, Zoltan"]
[Result "1-0"]
[WhiteElo "1816"]
[BlackElo "2247"]
[PlyCount "87"]
[EventDate "2020.07.17"]
[EventType "swiss"]
[EventRounds "13"]
[EventCountry "HUN"]

1. Nf3 b6 2. g3 Bb7 3. Bg2 e5 4. d3 g6 5. O-O Bg7 6. c4 Ne7 7. Nc3 O-O 8. Rb1
f5 9. Bd2 h6 10. b4 Qc8 11. Qb3 Kh7 12. Nd5 Nxd5 13. cxd5 d6 14. e4 fxe4 15.
dxe4 a5 16. bxa5 Nd7 17. axb6 Nxb6 18. Rfc1 Ba6 19. a4 Nd7 20. Be3 Rb8 21. Qc2
Rxb1 22. Rxb1 Nf6 23. Rc1 Rf7 24. h3 Qa8 25. Nd2 Be2 26. Bf1 Qa6 27. Nc4 Bxf1
28. Rxf1 c5 29. Rb1 Bf8 30. Rb6 Qa7 31. a5 Nd7 32. Rb5 Nb8 33. Qb3 Na6 34. Rb6
Rd7 35. Qb5 Nb4 36. a6 Be7 37. Rb7 Rxb7 38. axb7 Qb8 39. Bd2 Kg7 40. Bxb4 cxb4
41. Na5 Qc7 42. b8=Q Qc1+ 43. Kg2 Qc2 44. Qxb4 1-0

[Event "Magyar rapid bajnokság"]
[Site "Ajka"]
[Date "2020.07.18"]
[Round "9.23"]
[White "Hardicsay, Peter"]
[Black "Persanyi, Barnabas"]
[Result "1/2-1/2"]
[WhiteElo "2240"]
[BlackElo "2019"]
[PlyCount "86"]
[EventDate "2020.07.17"]
[EventType "swiss"]
[EventRounds "13"]
[EventCountry "HUN"]

1. c4 c5 2. Nf3 Nc6 3. d4 cxd4 4. Nxd4 Nf6 5. Nc3 e6 6. a3 a6 7. e4 Bc5 8. Nb3
Be7 9. Be2 d6 10. O-O O-O 11. Be3 b6 12. f4 Bb7 13. Rc1 Nb8 14. Bf3 Nbd7 15.
Qe2 Qc7 16. Nd2 Rac8 17. b4 Qb8 18. Bd4 e5 19. Be3 exf4 20. Bxf4 Ne5 21. Bg3
Nfd7 22. Bg4 Nxg4 23. Qxg4 Ne5 24. Bxe5 dxe5 25. Nd5 Bxd5 26. cxd5 a5 27. Qd7
Rxc1 28. Rxc1 Bg5 29. Rc2 Bxd2 30. Rxd2 Qc8 31. Qxc8 Rxc8 32. bxa5 bxa5 33. d6
f6 34. Rd5 Rd8 35. Kf2 Kf7 36. Rxa5 Rxd6 37. Ke3 h5 38. Ra7+ Ke6 39. Rxg7 Ra6
40. Rh7 Rxa3+ 41. Ke2 Ra2+ 42. Kf3 Ra3+ 43. Kf2 Ra2+ 1/2-1/2

[Event "Magyar rapid bajnokság"]
[Site "Ajka"]
[Date "2020.07.18"]
[Round "9.24"]
[White "Pasztor, Ferenc"]
[Black "Kovacsy, Barnabas"]
[Result "1-0"]
[WhiteElo "2222"]
[BlackElo "2011"]
[PlyCount "61"]
[EventDate "2020.07.17"]
[EventType "swiss"]
[EventRounds "13"]
[EventCountry "HUN"]

1. d4 Nf6 2. c4 g6 3. Nc3 d5 4. Bg5 dxc4 5. e4 Bg7 6. Bxc4 c5 7. d5 Qa5 8. Qd2
Nbd7 9. Nf3 O-O 10. O-O a6 11. a4 Re8 12. h3 Qb4 13. Qe2 Nh5 14. g4 Nb6 15. Bd3
Nf6 16. a5 c4 17. Bb1 Nbd7 18. e5 Nxd5 19. Nxd5 Qc5 20. Nb6 Nxb6 21. Be3 Qc6
22. Bxb6 h5 23. Nd4 Qd5 24. f4 hxg4 25. hxg4 Qd7 26. g5 Kh7 27. Ra3 Rh8 28. Be4
Kg8 29. Bg2 f6 30. exf6 exf6 31. Qxc4+ 1-0

[Event "Magyar rapid bajnokság"]
[Site "Ajka"]
[Date "2020.07.18"]
[Round "9.25"]
[White "Karacsonyi, Gellert"]
[Black "Juhasz, Judit"]
[Result "1-0"]
[WhiteElo "2167"]
[BlackElo "1885"]
[PlyCount "69"]
[EventDate "2020.07.17"]
[EventType "swiss"]
[EventRounds "13"]
[EventCountry "HUN"]

1. f4 c5 2. Nf3 Nc6 3. g3 g6 4. Bg2 Bg7 5. O-O d5 6. d3 e6 7. e4 Nge7 8. Nc3
O-O 9. Kh1 Rb8 10. a4 a6 11. Qe2 b5 12. axb5 axb5 13. Nd1 Bb7 14. Be3 d4 15.
Bg1 e5 16. Nh4 f5 17. fxe5 Nxe5 18. exf5 Bxg2+ 19. Qxg2 g5 20. Nf3 Rxf5 21.
Nxe5 Rxf1 22. Qxf1 Bxe5 23. Nf2 Qd5+ 24. Ne4 Rf8 25. Qg2 h6 26. Ra7 Qe6 27.
Nxc5 Qb6 28. Rxe7 Qxc5 29. Re6 Rf6 30. Qa8+ Kg7 31. Qb7+ Rf7 32. Qe4 Bf6 33.
Rxf6 Rxf6 34. Bxd4 Qd6 35. Qe5 1-0

[Event "Magyar rapid bajnokság"]
[Site "Ajka"]
[Date "2020.07.19"]
[Round "10.1"]
[White "Kantor, Gergely"]
[Black "Kozak, Adam"]
[Result "1/2-1/2"]
[WhiteElo "2424"]
[BlackElo "2438"]
[PlyCount "64"]
[EventDate "2020.07.17"]
[EventType "swiss"]
[EventRounds "13"]
[EventCountry "HUN"]

1. d4 Nf6 2. c4 e6 3. Nc3 d5 4. cxd5 exd5 5. Bg5 Nbd7 6. e3 c6 7. Bd3 Be7 8. h3
Nf8 9. Qc2 Ne6 10. Bh4 g6 11. O-O-O Ng7 12. g4 h5 13. Nf3 hxg4 14. hxg4 Nxg4
15. Bxe7 Kxe7 16. e4 Rxh1 17. Rxh1 Be6 18. Qd2 Nf6 19. Qg5 Kd7 20. Qe5 Ngh5 21.
exd5 cxd5 22. Bb5+ Ke7 23. Ng5 Qd6 24. Nxe6 Qxe6 25. Re1 Rc8 26. Kd2 Qxe5 27.
dxe5 Ne4+ 28. Nxe4 dxe4 29. Rxe4 Rc5 30. Bc4 Ng7 31. f4 Ne6 32. b4 Rc7 1/2-1/2

[Event "Magyar rapid bajnokság"]
[Site "Ajka"]
[Date "2020.07.19"]
[Round "10.2"]
[White "Antal, Gergely"]
[Black "Berkes, Ferenc"]
[Result "1/2-1/2"]
[WhiteElo "2537"]
[BlackElo "2688"]
[PlyCount "24"]
[EventDate "2020.07.17"]
[EventType "swiss"]
[EventRounds "13"]
[EventCountry "HUN"]

1. e4 Nf6 2. e5 Nd5 3. d4 d6 4. Nf3 dxe5 5. Nxe5 c6 6. Nf3 Bg4 7. Be2 e6 8. O-O
Nd7 9. c4 N5f6 10. h3 Bh5 11. Nc3 Nb6 12. Qb3 Qc7 1/2-1/2

[Event "Magyar rapid bajnokság"]
[Site "Ajka"]
[Date "2020.07.19"]
[Round "10.3"]
[White "Czebe, Attila"]
[Black "Banusz, Tamas"]
[Result "0-1"]
[WhiteElo "2517"]
[BlackElo "2614"]
[PlyCount "92"]
[EventDate "2020.07.17"]
[EventType "swiss"]
[EventRounds "13"]
[EventCountry "HUN"]

1. Nf3 d5 2. d4 Nf6 3. c4 c6 4. Qc2 g6 5. g3 Bg7 6. Bg2 O-O 7. O-O Bf5 8. Qb3
Qb6 9. Nc3 Rd8 10. c5 Qxb3 11. axb3 Na6 12. Bf4 Ne8 13. Rfc1 h6 14. Ra4 g5 15.
Bd2 e5 16. Nxe5 Nxc5 17. dxc5 Bxe5 18. Rca1 a6 19. Rb4 Rab8 20. f4 gxf4 21.
Bxf4 Bxf4 22. Rxf4 Bg6 23. e4 d4 24. Na4 Ng7 25. Rd1 Ne6 26. Rf2 d3 27. Rfd2
Bh5 28. Rc1 Nd4 29. Rc3 Ne2+ 30. Kf2 Nxc3 31. bxc3 f5 32. exf5 Bg4 33. Be4 Rf8
34. Rxd3 Rbe8 35. Rd4 Bxf5 36. Bxf5 Rxf5+ 37. Kg2 Re2+ 38. Kh3 Kg7 39. Kg4 Kg6
40. h3 a5 41. b4 axb4 42. cxb4 Rd5 43. Rf4 Re3 44. Kh4 Rh5+ 45. Kg4 Rg5+ 46.
Kh4 Rgxg3 0-1

[Event "Magyar rapid bajnokság"]
[Site "Ajka"]
[Date "2020.07.19"]
[Round "10.4"]
[White "Papp, Gabor"]
[Black "Erdos, Viktor"]
[Result "1/2-1/2"]
[WhiteElo "2603"]
[BlackElo "2580"]
[PlyCount "33"]
[EventDate "2020.07.17"]
[EventType "swiss"]
[EventRounds "13"]
[EventCountry "HUN"]

1. d3 d5 2. g3 e5 3. Bg2 Nf6 4. Nf3 Bd6 5. c4 c6 6. O-O O-O 7. Bg5 dxc4 8. dxc4
h6 9. Bxf6 Qxf6 10. Nc3 Qe7 11. Qc2 Nd7 12. Rad1 Nf6 13. Nh4 Bc7 14. b3 g6 15.
Ne4 Kg7 16. Nxf6 Qxf6 17. Nf3 1/2-1/2

[Event "Magyar rapid bajnokság"]
[Site "Ajka"]
[Date "2020.07.19"]
[Round "10.5"]
[White "Seres, Lajos"]
[Black "Mihok, Oliver"]
[Result "0-1"]
[WhiteElo "2455"]
[BlackElo "2508"]
[PlyCount "105"]
[EventDate "2020.07.17"]
[EventType "swiss"]
[EventRounds "13"]
[EventCountry "HUN"]

1. e4 c5 2. Nf3 e6 3. d4 cxd4 4. Nxd4 Nc6 5. Nc3 Qc7 6. g3 a6 7. Bg2 Nf6 8. O-O
Nxd4 9. Qxd4 Bc5 10. Bf4 d6 11. Qd2 h6 12. Rad1 e5 13. Be3 Bb4 14. Nb5 axb5 15.
Qxb4 Rxa2 16. Qxb5+ Bd7 17. Qb4 Ra6 18. Ra1 Rxa1 19. Rxa1 O-O 20. c3 Bc6 21.
Rd1 Ra8 22. h3 Nxe4 23. Bb6 Qe7 24. Bxe4 Ra4 25. Qxd6 Qxd6 26. Rxd6 Bxe4 27. f4
exf4 28. gxf4 Ra1+ 29. Kf2 Rh1 30. Ke3 Bc6 31. b4 Rxh3+ 32. Kd4 Rf3 33. Rd8+
Kh7 34. Bc7 h5 35. c4 Rf1 36. b5 Bg2 37. c5 h4 38. c6 h3 39. f5 Rd1+ 40. Ke3
Rxd8 41. Bxd8 bxc6 42. b6 c5 43. Bc7 Kh6 44. Bf4+ Kh5 45. f6 gxf6 46. Bh2 Kg4
47. Bd6 f5 48. Bh2 c4 49. Kd4 Bb7 50. Kxc4 Kf3 51. Kd4 f6 52. Kc5 Kg2 53. Kd4
0-1

[Event "Magyar rapid bajnokság"]
[Site "Ajka"]
[Date "2020.07.19"]
[Round "10.6"]
[White "Horvath, Adam"]
[Black "Ruck, Robert"]
[Result "1/2-1/2"]
[WhiteElo "2496"]
[BlackElo "2453"]
[PlyCount "163"]
[EventDate "2020.07.17"]
[EventType "swiss"]
[EventRounds "13"]
[EventCountry "HUN"]

1. e4 c6 2. Nc3 d5 3. Nf3 Bg4 4. h3 Bxf3 5. Qxf3 e6 6. d4 Nf6 7. Bd3 dxe4 8.
Nxe4 Nxe4 9. Qxe4 Nd7 10. O-O g6 11. Bf4 Bg7 12. Bd6 Bf8 13. Bf4 Bg7 14. c3 O-O
15. Rad1 Qa5 16. Bb1 Rad8 17. Rfe1 Rfe8 18. Qf3 Nb6 19. Qg3 Rd7 20. h4 Qb5 21.
Bc1 Red8 22. Qf3 Qd5 23. Qe2 Qc4 24. Qc2 Qb5 25. g3 Bf6 26. Bf4 Qh5 27. Qe4 c5
28. Bc2 cxd4 29. cxd4 Nd5 30. Ba4 Re7 31. Be5 Bxe5 32. dxe5 Rc7 33. Rd2 Rdc8
34. Bb3 Qh6 35. Red1 Nb6 36. Rd8+ Rxd8 37. Rxd8+ Kg7 38. Kg2 Qc1 39. Kh2 Qc5
40. Qf4 Qe7 41. Rd6 h5 42. a4 Nc8 43. Bd1 Rd7 44. Qf6+ Kh7 45. Qxe7 Rxe7 46.
Rd8 Nb6 47. a5 Nc4 48. f4 Nxa5 49. Bf3 Rc7 50. Ra8 b6 51. b4 Nb3 52. Rd8 a5 53.
Rb8 Nd4 54. Be4 axb4 55. Rxb6 Rc4 56. Kg2 b3 57. Kf2 Rc3 58. Rb4 Nc2 59. Rb7
Kg7 60. Rb8 Ne3 61. Ke2 Ng4 62. Bd3 Nf2 63. Kxf2 Rxd3 64. Kg2 Rd2+ 65. Kf3 b2
66. Ke3 Rg2 67. Kf3 Rc2 68. Ke3 f5 69. Kd3 Rg2 70. Kd4 Kf7 71. Kc5 Rd2 72. Kc6
Rc2+ 73. Kd6 Rd2+ 74. Kc6 Ke7 75. Rb7+ Ke8 76. Rb8+ Kf7 77. Rb7+ Kf8 78. Rb8+
Ke7 79. Rb7+ Ke8 80. Rb8+ Ke7 81. Rb7+ Ke8 82. Rb8+ 1/2-1/2

[Event "Magyar rapid bajnokság"]
[Site "Ajka"]
[Date "2020.07.19"]
[Round "10.7"]
[White "Bagi, Mate"]
[Black "Meszaros, Tamas"]
[Result "0-1"]
[WhiteElo "2462"]
[BlackElo "2401"]
[PlyCount "104"]
[EventDate "2020.07.17"]
[EventType "swiss"]
[EventRounds "13"]
[EventCountry "HUN"]

1. e4 e5 2. Nf3 Nc6 3. Nc3 Nf6 4. Bb5 Bb4 5. O-O O-O 6. d3 d6 7. Bg5 Ne7 8. Nh4
c6 9. Bc4 d5 10. Bb3 Qd6 11. Kh1 h6 12. Bd2 dxe4 13. dxe4 Rd8 14. Be3 Bxc3 15.
bxc3 Nxe4 16. Qf3 Nf6 17. Rad1 Ned5 18. c4 Bg4 19. Qg3 Ne4 20. Qxg4 Nxe3 21.
Rxd6 Nxg4 22. Rxd8+ Rxd8 23. f3 Ne3 24. Re1 Rd1 25. Rxd1 Nf2+ 26. Kg1 Nfxd1 27.
c5 Kf8 28. g3 a5 29. a4 g5 30. Ng2 Nxg2 31. Kxg2 Ne3+ 32. Kf2 Nf5 33. c3 Ke7
34. Ke2 Ng7 35. Kd3 f5 36. Bc2 Kf6 37. Kc4 h5 38. Bd3 Ne6 39. Bc2 Nc7 40. Kd3
Na6 41. Kc4 Nc7 42. Kd3 Nd5 43. Bd1 g4 44. fxg4 hxg4 45. Be2 Kg5 46. Bf1 f4 47.
Ke4 f3 48. c4 Nc3+ 49. Kxe5 Nxa4 50. Kd6 Nc3 51. Ke5 a4 52. Kd4 Nd1 0-1

[Event "Magyar rapid bajnokság"]
[Site "Ajka"]
[Date "2020.07.19"]
[Round "10.8"]
[White "Csonka, Balazs"]
[Black "Kaczur, Florian"]
[Result "1/2-1/2"]
[WhiteElo "2324"]
[BlackElo "2454"]
[PlyCount "23"]
[EventDate "2020.07.17"]
[EventType "swiss"]
[EventRounds "13"]
[EventCountry "HUN"]

1. Nf3 d5 2. g3 c6 3. Bg2 Bf5 4. O-O e6 5. d3 Nf6 6. Nbd2 h6 7. b3 Be7 8. Bb2
a5 9. a3 O-O 10. Re1 Re8 11. e4 Bh7 12. Qe2 1/2-1/2

[Event "Magyar rapid bajnokság"]
[Site "Ajka"]
[Date "2020.07.19"]
[Round "10.9"]
[White "Almasi, Zoltan"]
[Black "Farago, Sandor"]
[Result "0-1"]
[WhiteElo "2678"]
[BlackElo "2271"]
[PlyCount "114"]
[EventDate "2020.07.17"]
[EventType "swiss"]
[EventRounds "13"]
[EventCountry "HUN"]

1. Nf3 d5 2. c4 c6 3. g3 Nf6 4. Bg2 g6 5. b3 Bg7 6. Bb2 O-O 7. O-O Bf5 8. d3
Qc8 9. Re1 Bh3 10. Bh1 h6 11. Nbd2 Nbd7 12. Rc1 Qb8 13. Qc2 e5 14. cxd5 Nxd5
15. Nc4 Re8 16. d4 exd4 17. Bxd4 Bxd4 18. Nxd4 N5b6 19. Qd2 Nxc4 20. bxc4 Kh7
21. Rb1 Qc7 22. Qb2 Rab8 23. Qa3 Qe5 24. e3 Nc5 25. Red1 a6 26. Nb3 Ne4 27. Nd4
c5 28. Ne2 g5 29. Rd5 Qe6 30. Rbd1 b5 31. Qc1 bxc4 32. Nc3 Nf6 33. Rd6 Qe5 34.
Rxa6 Red8 35. Re1 Rd3 36. Ne2 Be6 37. Ra3 Rb2 38. Nd4 Rdd2 39. Nf3 Qd6 40. Nxd2
Rxd2 41. Bf3 Rd3 42. Rd1 Bg4 43. Bxg4 Nxg4 44. Qc2 Ne5 45. f4 gxf4 46. exf4
Qd4+ 47. Kf1 Qe4 48. Raxd3 cxd3 49. Qg2 Nf3 50. Qb2 Nd4 51. Kg1 Qf3 52. Re1
Ne2+ 53. Rxe2 dxe2 54. Qb1+ Kg7 55. Qb2+ f6 56. Qc1 c4 57. a4 c3 0-1

[Event "Magyar rapid bajnokság"]
[Site "Ajka"]
[Date "2020.07.19"]
[Round "10.10"]
[White "Nagy, Gabor"]
[Black "Pasztor, Ferenc"]
[Result "1-0"]
[WhiteElo "2523"]
[BlackElo "2222"]
[PlyCount "63"]
[EventDate "2020.07.17"]
[EventType "swiss"]
[EventRounds "13"]
[EventCountry "HUN"]

1. c4 c5 2. Nc3 Nc6 3. Nf3 g6 4. g3 Bg7 5. Bg2 d6 6. O-O Be6 7. d3 Qd7 8. Ng5
Bg4 9. h3 h6 10. Nxf7 Kxf7 11. hxg4 Qxg4 12. Rb1 h5 13. e3 Qd7 14. Ne4 Bf6 15.
b4 cxb4 16. d4 h4 17. Bd2 a5 18. a3 bxa3 19. Qb3 Nd8 20. Qb5 Qxb5 21. Rxb5 hxg3
22. fxg3 Rh5 23. Rb3 a4 24. Rxa3 Ra7 25. Bf3 Rh8 26. Rfa1 Ne6 27. Rxa4 Rxa4 28.
Rxa4 b6 29. Ra7 Ng5 30. Nxd6+ Ke6 31. Bd5+ Kxd6 32. Bb4# 1-0

[Event "Magyar rapid bajnokság"]
[Site "Ajka"]
[Date "2020.07.19"]
[Round "10.11"]
[White "Aczel, Gergely"]
[Black "Kiss, Pal"]
[Result "1-0"]
[WhiteElo "2506"]
[BlackElo "2264"]
[PlyCount "79"]
[EventDate "2020.07.17"]
[EventType "swiss"]
[EventRounds "13"]
[EventCountry "HUN"]

1. d4 d5 2. c4 c6 3. cxd5 cxd5 4. Bf4 Nc6 5. e3 Nf6 6. Nc3 a6 7. Bd3 Bg4 8.
Nge2 e6 9. Rc1 Bd6 10. f3 Bh5 11. Na4 Bg6 12. O-O Bxd3 13. Qxd3 Bxf4 14. Nxf4
O-O 15. Nc5 Qb6 16. Qd2 Rac8 17. Rc3 Qa7 18. Rfc1 Ne7 19. Qe2 Nf5 20. g4 Nd6
21. g5 b6 22. Qxa6 Ra8 23. Qxa7 Rxa7 24. gxf6 bxc5 25. dxc5 Nb5 26. fxg7 Kxg7
27. Rb3 Nc7 28. a3 e5 29. Nd3 f6 30. c6 Kg6 31. Rb7 Rfa8 32. Kf2 Kf5 33. Nc5
Ne8 34. e4+ dxe4 35. fxe4+ Kf4 36. Rc3 Nd6 37. Rd7 Nxe4+ 38. Nxe4 Kxe4 39. Rxa7
Rxa7 40. c7 1-0

[Event "Magyar rapid bajnokság"]
[Site "Ajka"]
[Date "2020.07.19"]
[Round "10.12"]
[White "Nemeth, Gergely"]
[Black "Horvath, Jozsef"]
[Result "0-1"]
[WhiteElo "2133"]
[BlackElo "2438"]
[PlyCount "104"]
[EventDate "2020.07.17"]
[EventType "swiss"]
[EventRounds "13"]
[EventCountry "HUN"]

1. e4 d6 2. d4 Nf6 3. Nc3 e5 4. Nf3 Nbd7 5. Bc4 exd4 6. Nxd4 Nb6 7. Be2 Be7 8.
O-O O-O 9. Be3 Re8 10. h3 Bf8 11. Qd3 d5 12. exd5 Nfxd5 13. Nxd5 Nxd5 14. Bd2
Nb4 15. Bxb4 Bxb4 16. Rad1 Qe7 17. c3 Bd6 18. Bf3 Qe5 19. g3 Bxh3 20. Rfe1
Qxe1+ 21. Rxe1 Rxe1+ 22. Kh2 Bd7 23. b4 Rb8 24. Kg2 g6 25. Ne2 Re8 26. Qd2 Rb1
27. g4 Bb5 28. Nd4 Bf1+ 29. Kg1 Bh3+ 30. Bd1 Bxg4 31. f3 Bh3 32. Kf2 c5 33. Nb5
Be7 34. Kg3 Rd8 35. Qe2 Be6 36. Bb3 Bxb3 37. axb3 Bg5 38. bxc5 Rg1+ 39. Kh3
Rh1+ 40. Kg3 Bh4+ 41. Kg2 Rdd1 42. Qe8+ Kg7 43. Qe5+ Bf6 44. Qe3 Rhe1 45. Qf2
a6 46. Nd4 h5 47. f4 Bxd4 48. cxd4 Re4 49. f5 Rdxd4 50. f6+ Kh6 51. Qb2 h4 52.
Qc1+ g5 0-1